| 000 | 00695nam a2200241Ia 4500 | ||
|---|---|---|---|
| 999 |
_c37601 _d37601 |
||
| 001 | 3573 | ||
| 003 | GE_BSU | ||
| 005 | 20221028152728.0 | ||
| 008 | 181216s2004ru xx |||||||||||||| ||rus|| | ||
| 020 | _a0321011473 | ||
| 040 | _cGE_BSU | ||
| 041 | _arus | ||
| 080 | _a316.6 Ч-16 | ||
| 100 |
_aЧалдини, Роберт. _915648 |
||
| 245 |
_aПсихология влияния / _c Роберт Чалдини |
||
| 260 | _b4-е междун. изд. | ||
| 264 |
_aСПБ : _bПитер, _c2004. |
||
| 300 |
_a286 ст. : _bил. |
||
| 653 | _aПсихология | ||
| 653 | _aПсихология влияния | ||
| 653 | _aფსიქოლოგია | ||
| 942 |
_cBK _2udc |
||